Frosinone Calcio Squad 2015-2016 - Statistics

General Stats
  • This quiz has been taken 6 times
  • The average score is 9 of 30
Answer Stats
# Position Nation Player % Correct
93 DF Albania Arlind Ajeti
60%
9 FW Italy Daniel Ciofani
60%
13 DF Italy Matteo Ciofani
60%
22 MF Ghana Raman Chibsah
60%
28 DF Italy Aleandro Rosi
40%
19 FW Bulgaria Aleksandar Tonev
40%
10 FW Italy Danilo Soddimo
40%
25 GK Italy Francesco Bardi
40%
17 FW Italy Luca Paganini
40%
23 GK Senegal Lys Gomis
40%
1 GK Italy Massimo Zappino
40%
24 DF France Modibo Diakité
40%
33 GK Italy Nicola Leali
40%
11 MF Germany Oliver Kragl
40%
21 MF Italy Paolo Sammarco
40%
8 MF Austria Robert Gucher
40%
- Coach Italy Roberto Stellone
40%
4 DF Italy Adriano Russo
20%
7 MF Italy Alessandro Frara
20%
69 DF Italy Davide Bertoncini
20%
18 FW Italy Federico Dionisi
20%
6 DF Italy Leonardo Blanchard
20%
5 MF Italy Mirko Gori
20%
30 FW Chile Nicolás Castillo
20%
3 DF Italy Roberto Crivello
20%
12 FW Italy Samuele Longo
20%
11 FW Italy Daniele Verde
0%
20 DF Bosnia and Herzegovina Daniel Pavlović
0%
29 FW Italy Massimiliano Carlini
0%
44 DF Ukraine Vasyl Pryima
0%
No matching quizzes found
Score Distribution
Percent of People with Each Score
Percentile by Number Answered
Your Score History
You have not taken this quiz